| 000 | 00729nam a22002417a 4500 | ||
|---|---|---|---|
| 003 | UA-OsUOA | ||
| 001 | 28296 | ||
| 007 | ta | ||
| 008 | 20050315b un ||||| |||| 00| 0 ukr d | ||
| 090 |
_a343.2 _bК82 |
||
| 942 | _cBK | ||
| 040 |
_aUA-OsUOA _bukr _cUA-OsUOA _dUA-OsUOA |
||
| 245 |
_aКримінальне право в запитаннях і відповідях. Загальна частина _bПосібник для підготовки до іспитів _cРец. О. М.Костенко В. А.Мисливий |
||
| 300 | _a288 с. | ||
| 955 | _a0 | ||
| 041 | _aukr | ||
| 080 | _a343.2 | ||
| 020 | _a966-8074-44-0 | ||
| 260 |
_aК. _bАтіка _c2003 |
||
| 044 | _aUA | ||
| 650 | 7 | _2UDC | |
| 999 |
_c314661 _d314661 |
||